| 000 | 00471nam a22001577a 4500 | ||
|---|---|---|---|
| 008 | 230410b |||||||| |||| 00| 0 eng d | ||
| 040 |
_aNational Science Library _cNational Science Library |
||
| 080 |
_a338:63]001.6(545) _bM0 |
||
| 100 |
_aGupta, D P _9537 |
||
| 245 | _aAgricultural development in Punjab | ||
| 260 |
_aNew Delhi: _bAgricole Publishing Academy, _c1980 |
||
| 300 | _axiv, 160p. | ||
| 650 | _aAgriculture | ||
| 700 | _aShangari, K K | ||
| 942 |
_2udc _cBK |
||
| 999 |
_c19606 _d19606 |
||